=LDR 00000nam 2200000 4500 =001 NUTBA000000000001302 =005 20140421142852.0 =006 =007 =008 =020 ##$$a 978-979-691-417-3 =035 ##$$a 0010-041400000000572 =040 ##$$a Ind =082 ##$$a 658.401 2 =090 ##$$a 658.401 2$bMul s =100 ##$$a Mulyadi =245 ##$$a Sistem perencanaan dan pengendalian manajemen$bSistem pelipatganda kinerja perusahaan$cMulyadi =260 ##$$a Jakarta$bSalemba empat$c2007. =300 ##$$a Xxii,851 Hlm$bIlus$c28 cm. =650 ##$$a Perencanaan-Manajemen. =850 ##$$a NBPNMAT =990 ##$$a 21005085 =990 ##$$a 94549/BPAP-NTB/2014 =990 ##$$a 21400613/BPAP-NTB/20142014